000 00213 a2200097 4500
001 31465
100 _aHolmes, Barry
245 _aProgramming with JAVA
260 _aNew Delhi
_bCBS
_c1998
090 _c21349
_d21349
942 _aNUST-CAE
_cM
_c12613
999 _c266538
_d266538